000 00572nam a2200193 a 4500
001 18136
003 CO-ViMGA
008 141112s2004 ck r 000 u spa d
020 _a9684443056
040 _aCO-ViMGA
_bspa
_cCO-ViMGA
082 0 4 _a868.99809 O734h
100 1 _aOseguera de Chavez, Eva Lydia
_925808
245 1 0 _aHistoria de la literatura Latinoaméricana
260 _aMexico,
_cPearson,
_c2000
300 _a367.p.
590 _aForma de adquisición : Premio - Mincultura
650 1 4 _aLITERATURA Latinoaméricana - HISTORIA Y CRITICA
942 _2ddc
_cBK
999 _c27508
_d27508